Fungi: An advanced treatise. V 1. The fungal cell (Record no. 21176)

MARC details
000 -LEADER
fixed length control field 00347nam a2200133Ia 4500
082 ## - DEWEY DECIMAL CLASSIFICATION NUMBER
Classification number 582.28
Item number AIN.1
245 #0 - TITLE STATEMENT
Title Fungi: An advanced treatise. V 1. The fungal cell
260 ## - PUBLICATION, DISTRIBUTION, ETC. (IMPRINT)
Place of publication New York
Name of publisher Academic
Year of publication 1965
650 ## - SUBJECT ADDED ENTRY--TOPICAL TERM
Topical Term Fungal growth
650 ## - SUBJECT ADDED ENTRY--TOPICAL TERM
Topical Term Fungi
700 ## - ADDED ENTRY--PERSONAL NAME
Personal name AINSWORTH, G C
942 ## - ADDED ENTRY ELEMENTS (KOHA)
Koha item type Books
Holdings
Withdrawn status Lost status Damaged status Not for loan Home library Current library Date acquired Full call number Accession Number Koha item type
        RRII Library RRII Library 16/12/2021 582.28 AIN.1 01896 Books